00454pab a2200157 454500008004000000100001600040245010100056260000900157300001500166362001100181650002100192650002400213650002200237700001700259773002000276180718b2017 xxu||||| |||| 00| 0 eng d aGupta, R.K. aQuality and excellence of higher education in private universities: opportunities and challenges c2017 ap.193-197. a30 Jan aHigher education aEducational quality aPrivate education aVishal Kumar aUniversity News